Normal view
MARC view
Entry Topical Term
001 - CONTROL NUMBER
- control field: 11946
003 - CONTROL NUMBER IDENTIFIER
- control field: BD-RjUL
005 - DATE AND TIME OF LATEST TRANSACTION
- control field: 20240228103751.0
008 - FIXED-LENGTH DATA ELEMENTS
- fixed length control field: 240228|| aca||aabn | a|a d
040 ## - CATALOGING SOURCE
- Original cataloging agency: BD-RjUL
- Transcribing agency: BD-RjUL
150 ## - HEADING--TOPICAL TERM
- Topical term or geographic name entry element: Manuscripts, Oriental
- Form subdivision: Catalogs
670 ## - SOURCE DATA FOUND
- Source citation: Work cat.: (BD-RjUL)83171: شير، سيد أطهر ;; Sher, Syed Athar 11945, مفتاح الكنوز : فهرست مخطوطات عربي مكتبة خدا بخش الشرقية العامة ;; miftah alkunuz : faharasat makhtutat earabiun maktabatan khadana bikhash alsharqiat aleama / /, 1965